| 000 | 00592nam a2200193 a 4500 | ||
|---|---|---|---|
| 005 | 20240925064103.0 | ||
| 008 | 991125s1985 mx 000 0 spa u | ||
| 035 | _aUPN01000004802 | ||
| 049 | _aSEP | ||
| 050 | 4 |
_aBF723 D4 _bA86 |
|
| 245 | 0 | 0 |
_aAspectos psicológicos del niño ciego / _cSilvia Santín ... [et al.]. |
| 260 |
_aMéxico : _bSEP, Dirección General de Educación Especial, _c1985. |
||
| 300 |
_a71 p. : _bil. |
||
| 440 | 0 | _aCuadernos didácticos | |
| 650 | 4 |
_aNiño, Estudio del _9221 |
|
| 650 | 4 |
_aNIÑOS CIEGOS _919293 |
|
| 700 | 1 |
_aSantín, Silvia, _ecoaut. |
|
| 905 | _aLibro | ||
| 999 |
_c4802 _d4802 |
||